Culture Générale - Série 1554 - Statistiques

Statistiques générales
  • Ce quiz a été pris 98 fois
  • Le résultat moyen est 5 sur 10
Statistiques - réponses
Question Réponse % Correct
Comment nomme-t-on la dernière station d'une ligne de chemin de fer, où il est coutume d'entendre : "Tout le monde descend" ? terminus
97%
Quelle ville abrite la Tate Gallery, fondée en 1897 ? Londres
84%
Quel écrivain français, prénommé François, publie "Le Baiser aux lépreux" en 1922 ? François Mauriac
60%
Quelle bataille napoléonienne est dite “des Trois Empereurs” ? Austerlitz
56%
En Bretagne, quel nom donne-t-on à l'hydromel ? chouchen
53%
Qui est le partenaire principal de Fanny Ardant dans “La Femme d'à côté” ? Gérard Depardieu
39%
Quelle princesse troyenne a reçu d'Apollon le don de prophétie ? Cassandre
26%
En 1954, quel groupe accompagne Bill Haley pour l'enregistrement de "Rock Around the Clock" ? Les Comets
25%
Quel village, situé au bord de la forêt de Fontainebleau, a donné son nom à une école de peintres paysagistes du XIXe siècle ? Barbizon
16%
Quelle est l'unité monétaire principale du Honduras ? lempira
5%
Aucun quiz correspondant
Distribution des résultats
% des personnes avec chaque résultat
Percentile par nombre de réponses
Votre historique - résultats
Vous n’avez pas pris ce quiz